00510nam a2200133Ia 45000010005000000080041000050820028000461000062000742450111001362600080002475900007003279010027003349990015003614317241024s9999 xx 000 0 und d aRD/331.97293/R426m/2011 aRepública Dominicana. Ministerio de Educación, MINERD 0aManual del empleado. Todo lo que debe comprender sobre los asuntos laborales del Ministerio de Educación bDirección General de Tecnología de Información y Comunicaciónc2011 asi a30/8/2016 3:41:52 p.m. c9723d9723